The voice of labour in Parliament/ (Record no. 77601)
[ view plain ]
| 000 -LEADER | |
|---|---|
| fixed length control field | 00680nam a22002057a 4500 |
| 005 - DATE AND TIME OF LATEST TRANSACTION | |
| control field | 20240926113023.0 |
| 010 ## - LCCN (DPL NO) | |
| LC control number | ENG-108031 ENG-141308 |
| 020 ## - INTERNATIONAL STANDARD BOOK NUMBER | |
| Terms of availability | 850.00 |
| International Standard Book Number | 9789350876626 |
| 035 ## - SYSTEM CONTROL NUMBER | |
| System control number | EN-91564 |
| 035 ## - SYSTEM CONTROL NUMBER | |
| System control number | EN-124840 |
| 037 ## - SOURCE OF ACQUISITION | |
| Source of stock number/acquisition | DBAD/PUB |
| 100 ## - MAIN ENTRY--PERSONAL NAME | |
| Personal name | Khuntia, Ramachandra |
| 245 00 - TITLE STATEMENT | |
| Title | The voice of labour in Parliament/ |
| Statement of responsibility, etc | edited by Rajendra Prasad Mohanty, Nirajan Pani [and] Rama Chandra Khuntia |
| 260 ## - PUBLICATION, DISTRIBUTION, ETC. (IMPRINT) | |
| Place of publication, distribution, etc | Odisha |
| Name of publisher, distributor, etc | KIS Foundation |
| Date of publication, distribution, etc | 2012 |
| 270 ## - ADDRESS | |
| Address | D-82, Maitri Vihar, Chandrasekharpur, Bhubaneswar |
| City | Odisha |
| Postal code | 755001 |
| 300 ## - PHYSICAL DESCRIPTION | |
| Extent | 491p. |
| Dimensions | 20cm(Hb) |
| 700 ## - ADDED ENTRY--PERSONAL NAME | |
| Personal name | Pani, Nirajan |
| 9 (RLIN) | 71996 |
| 700 ## - ADDED ENTRY--PERSONAL NAME | |
| Personal name | Khuntia, Rama Chandra |
| 9 (RLIN) | 71997 |
| 942 ## - ADDED ENTRY ELEMENTS (KOHA) | |
| Source of classification or shelving scheme | Dewey Decimal Classification |
| Item type | English Books |
| Call number suffix | LAB |
| Withdrawn status | Lost status | Not for loan | Collection code | Home library | Current library | Date acquired | Source of acquisition | Cost, normal purchase price | Full call number | Barcode | Copy number | Cost, replacement price | Koha item type | Materials specified (bound volume or other part) |
|---|---|---|---|---|---|---|---|---|---|---|---|---|---|---|
| Not For Loan | Non-fiction | D.B.Act.Division | D.B.Act.Division | 17/07/2013 | DBAD/PUB | 850.00 | KHU | EN-91564 | 1 | 850.00 | English Books | |||
| Non-fiction | Shahdara Branch | Shahdara Branch | 08/08/2024 | DBAD | 700.00 | 331.89 LAB | EN-124840 | 1 | 700.00 | English Books | Vol.2 |
